Castell de Montesquiu / Parc del Castell de Montesquiu
Publicado:
Barcelona :
Diputació de Barcelona. Àrea de Territori i Sostenibilitat. Gerència de Serveis d'Espais Naturals. Espais Naturals i Medi Ambient, Xarxa de Parcs Naturals ,
2012
Descripción Física:
1 f. plegat en 3 parts : il. col. ; 21 cm pleg., 42 x 30 cm despleg.
Colección:
Activitats culturals
Materias:
Parc del Castell de Montesquiu
MARC
| LEADER | 00000nam a2200000Ia 4500 | ||
|---|---|---|---|
| 001 | 23460 | ||
| 003 | BGR | ||
| 005 | 20260324180552.0 | ||
| 008 | 160829s2012 xx 000 0 cat d | ||
| 080 | |a FU-61-42 | ||
| 110 | 1 | |a Parc del Castell de Montesquiu (Catalunya) |9 52663 | |
| 245 | |a Castell de Montesquiu / Parc del Castell de Montesquiu | ||
| 260 | |a Barcelona : |b Diputació de Barcelona. Àrea de Territori i Sostenibilitat. Gerència de Serveis d'Espais Naturals. Espais Naturals i Medi Ambient, Xarxa de Parcs Naturals, |c 2012 | ||
| 300 | |a 1 f. plegat en 3 parts : |b il. col. ; |c 21 cm pleg., 42 x 30 cm despleg. | ||
| 490 | |a Activitats culturals | ||
| 650 | |a Parc del Castell de Montesquiu | ||
| 710 | 1 | |a Barcelona (Catalunya : Província). |b Xarxa de Parcs Naturals |9 7250 | |
| 710 | 1 | |a Barcelona (Catalunya : Província). |b Diputació |9 52408 | |
| 901 | |a Arxiu | ||
| 942 | |n 1 |2 udc |c MON | ||
| 952 | |0 0 |1 0 |4 0 |6 FU6142 |7 1 |9 54920 |a Arxiu |b Arxiu |d 2012-07-05 |l 0 |o FU-61-42 |p 23460 |r 2016-12-01 00:00:00 |w 2016-12-01 |y ARXIU | ||
| 999 | |c 58790 |d 58790 | ||